Trans new york /

Guardat en:
Dades bibliogràfiques
Autor principal: Bussian, Peter
Altres autors: Stein, Abby Chava
Format: Llibre
Idioma:anglès
Publicat: [New York] : Apollo, 2020
Etiquetes: Afegir etiqueta
Sense etiquetes, Sigues el primer a etiquetar aquest registre!

MARC

LEADER 00000nam a22000007i 4500
001 IT\ICCU\UBO\4852504
003 ItRI
005 20260115232017.0
008 250116s2020 xxu|||||| ||||| |||||c
020 |a 9781948062565 
040 |b ita  |c importazione bologna sebina 
041 7 |a eng  |2 ISO-639-2 
100 1 |a Bussian, Peter  |0 IT\ICCU\UBOV\152841 
240 1 0 |a Trans new york  |3 IT\ICCU\UBO\4852506  |9 Bussian, Peter 
245 1 0 |a Trans new york /  |c Peter Bussian ; foreword by Abby Chava Stein. 
260 |a [New York] :  |b Apollo,  |c 2020 
300 |a 144 p. :  |b in gran parte ill. ;  |c 24x24 cm 
700 1 |a Stein, Abby Chava  |0 IT\ICCU\IEIV\231512 
942 |2 ddc  |c BK  |n 0 
952 |0 0  |1 0  |4 0  |6 T_770_973000000000000_BUS  |7 0  |9 18852  |a BO  |b BO  |d 2026-01-15  |i 20588  |l 0  |o T 770.973 BUS  |p BO20588  |r 2026-01-15 23:20:17  |w 2026-01-15  |x [Sebina 5] [1 v.]  |y BK  |z 1 v. 
999 |c 16012  |d 16012